000
00316nam a22001337a 4500
008
260429b |||||||| |||| 00| 0 eng d
020
_a
978-9364444910
082
_a
002031
100
_a
Saxena,Pallavi
245
_a
Geography of India, 11ed
260
_a
Chennai
_b
McGraw Hill
_c
2025
300
_a
886p
942
_2
ddc
999
_c
1339
_d
1339